Tourism & Development (Record no. 418208)

MARC details
000 -LEADER
fixed length control field 00360nam a2200157Ia 4500
008 - FIXED-LENGTH DATA ELEMENTS--GENERAL INFORMATION
fixed length control field 230605s2006 xx 000 0 und d
041 ## - LANGUAGE CODE
Language code of text/sound track or separate title eng
100 ## - MAIN ENTRY--PERSONAL NAME
Personal name Sharpley /Telfer
245 ## - TITLE STATEMENT
Title Tourism & Development
260 ## - PUBLICATION, DISTRIBUTION, ETC.
Name of publisher, distributor, etc. Viva books Mumbai
Date of publication, distribution, etc. 2006
-- 2006
300 ## - PHYSICAL DESCRIPTION
Extent 397
365 ## - TRADE PRICE
Price amount 396
Tax rate 1 20
500 ## - GENERAL NOTE
General note 327
520 ## - SUMMARY, ETC.
Summary, etc. General
650 ## - SUBJECT ADDED ENTRY--TOPICAL TERM
Topical term or geographic name entry element Tourism

No items available.